オリンピックの競技 - Statistics

General Stats
  • This quiz has been taken 268 times
  • The average score is 25 of 79
Answer Stats
競技 初登場年 % Correct
野球・ソフトボール 1904
93%
サッカー 1900
92%
水泳 1896
85%
柔道 1964
84%
バレーボール 1964
79%
バスケットボール 1904
78%
卓球 1988
76%
テニス 1896
75%
陸上競技 1896
69%
空手 2020
69%
バドミントン 1972
63%
フェンシング 1896
62%
レスリング 1896
62%
ラグビー 1900
62%
体操 1896
60%
アーチェリー 1900
58%
馬術 1900
56%
フィギュアスケート 1908
56%
トライアスロン 2000
54%
スピードスケート 1924
54%
スノーボード 1998
52%
ボクシング 1904
51%
ブレイキン 2024
50%
スキージャンプ 1924
50%
射撃 1896
49%
カーリング 1924
49%
テコンドー 1988
44%
ハンドボール 1936
43%
カヌー 1924
43%
ゴルフ 1900
42%
近代五種 1912
42%
アイスホッケー 1920
42%
ホッケー 1908
40%
ボブスレー 1924
40%
クリケット 1900
36%
サーフィン 2020
30%
スポーツクライミング 2020
28%
スケルトン 1928
27%
セーリング 1900
26%
リュージュ 1964
25%
綱引き 1900
24%
ノルディック複合 1924
24%
アルペンスキー 1936
24%
自転車競技 1996
23%
バイアスロン 1924
22%
ウエイトリフティング 1896
20%
ラクロス 1904
20%
クロスカントリースキー 1924
19%
ボート 1900
18%
スカッシュ 2028
16%
ボウリング 1988
16%
ロック 1904
9%
ポロ 1900
8%
ローラースケート 1992
8%
フリースタイルスキー 1988
7%
芸術競技 1912
5%
ローラースポーツ 1992
4%
フラッグフットボール 2028
4%
山岳スキー 2026
4%
クロッケー 1900
3%
バスクペロタ 1900
3%
ジュ・ド・ポーム 1900
3%
ショートトラックスピードスケート 1988
3%
スピードスキー 1992
3%
モーターボート 1908
2%
ラケッツ 1908
2%
グリマ 1912
2%
コーフボール 1920
2%
サバット 1924
2%
航空スポーツ 1936
2%
ペサパッロ 1952
2%
オージーフットボール 1956
2%
水上スキー 1972
2%
犬ぞりレース 1932
2%
バンディ 1952
2%
スキージョアリング 1928
1%
アイスストック 1936
1%
冬季五種競技 1948
1%
障害者スキー 1984
1%
No matching quizzes found
Score Distribution
Percent of People with Each Score
Percentile by Number Answered
Your Score History
You have not taken this quiz